000
00435 a2200181 4500
260
_a
Paris
260
_b
Vigot
245
_a
Docteur, j'ai : stratégies diagnostiques et thérapeutiques en médecine ambulatoire
100
_a
Raetzo, M.-A.
700
_a
Restellini, A.
260
_c
1996
300
_a
463 p.
035
_a
8415
035
_a
8416
999
_c
18285
_d
18285